Romans / (Record no. 5812)

MARC details
000 -LEADER
fixed length control field 00969nam a22003017a 4500
001 - CONTROL NUMBER
control field 5812
003 - CONTROL NUMBER IDENTIFIER
control field FISKH
005 - DATE AND TIME OF LATEST TRANSACTION
control field 20250123101702.0
008 - FIXED-LENGTH DATA ELEMENTS--GENERAL INFORMATION
fixed length control field 250123b cb ||||| |||| 00| 0 eng d
020 ## - INTERNATIONAL STANDARD BOOK NUMBER
International Standard Book Number 9780439686815
040 ## - CATALOGING SOURCE
Original cataloging agency FISKH
Language of cataloging eng
Transcribing agency FISKH
Modifying agency FISKH
050 ## - LIBRARY OF CONGRESS CALL NUMBER
Classification number DG77.M344
082 ## - DEWEY DECIMAL CLASSIFICATION NUMBER
Classification number 937
100 ## - MAIN ENTRY--PERSONAL NAME
Personal name Marks, Anthony
245 ## - TITLE STATEMENT
Title Romans /
Statement of responsibility, etc. by Anthony Marks and Graham Tingay : Illustrated by Ian Jackson and Gerald Wood
260 ## - PUBLICATION, DISTRIBUTION, ETC.
Place of publication, distribution, etc. New York :
Name of publisher, distributor, etc. Scholastic ,
Date of publication, distribution, etc. 2003.
300 ## - PHYSICAL DESCRIPTION
Extent 96 pages :
Other physical details color illustrations , maps ;
Dimensions 26 cm .
490 ## - SERIES STATEMENT
Series statement Usborne Illustrated World History
505 ## - FORMATTED CONTENTS NOTE
Formatted contents note Z <br/>
520 ## - SUMMARY, ETC.
Summary, etc. Describes the world of the Romans from the founding of the city to the decline of the empire.
521 8# - TARGET AUDIENCE NOTE
Target audience note 920 <br/>
Source Lexile <br/>
521 8# - TARGET AUDIENCE NOTE
Target audience note Z <br/>
Source Raz-Plus <br/>
650 ## - SUBJECT ADDED ENTRY--TOPICAL TERM
Topical term or geographic name entry element Ancient Rome
Form subdivision non-fiction
700 ## - ADDED ENTRY--PERSONAL NAME
Personal name Jackson, Ian
Relator term illustrator
700 ## - ADDED ENTRY--PERSONAL NAME
Personal name Wood, Gerald
Relator term illustrator
942 ## - ADDED ENTRY ELEMENTS (KOHA)
Source of classification or shelving scheme Dewey Decimal Classification
Koha item type Books
Suppress in OPAC No
Holdings
Withdrawn status Lost status Source of classification or shelving scheme Damaged status Not for loan Collection Home library Current library Shelving location Date acquired Total Checkouts Full call number Barcode Date last seen Price effective from Koha item type
    Dewey Decimal Classification     Non-Fiction Footprints International School Library Network Toul Kork Campus Footprints International School Library Network Toul Kork Campus TTP Secondary Non-Fiction Bookshelves 01/23/2025   MAR 937 DG77.M344 FISSE01031 01/23/2025 01/23/2025 Books